| 000 | 00646nam a2200181 i 4500 | ||
|---|---|---|---|
| 001 | 100017 | ||
| 003 | ES-MaACL | ||
| 005 | 20250915063040.0 | ||
| 007 | t| | ||
| 008 | 050921q19601999zzz ||||1| spa d | ||
| 100 | 1 |
_aMartínez Val, José María, _d1916- _978455 |
|
| 245 | 1 | 0 |
_aObservaciones pedagógicas sobre la filosofía existencial / _cpor el Dr. José Mª. Martínez Val. |
| 260 |
_a[s.l. : _bs.n., _cs.a.] |
||
| 300 |
_a5 h. ; _c24 cm. |
||
| 500 | _aEs separata del Boletín de la Institución del Divino Maestro. Sección Filosofía y Pedagogía. Nota del autor. | ||
| 852 |
_aES-MaACL _j1600-F-25 _bR.26559 |
||
| 999 |
_c100017 _d100017 |
||